000 00362nam a2200157Ia 4500
008 220216s9999 xx 000 0 und d
100 _aThankamma L.
245 0 _aControl of pink disease
260 _bRubber
_c1994
300 _a8-May
700 _aGeorge K.T.
700 _aJoseph A.
700 _aMarattukalam J.G.
700 _aPotty S.N.
942 _cML
999 _c72620
_d72620